000 00613nam a2200205 a 4500
003 MX-MxUPN
005 20250116063831.0
008 991125s1935 sp r 000 0 spa d
035 _aUPN01000022972
040 _aMX-MxUPN
_bspa
_cMX-MxUPN
041 0 _aspa
050 4 _aLB41
_bG5.3 1935
100 1 _aGiner de los Ríos, Francisco,
_d1839-1915
_928515
245 1 0 _aEstudios sobre educación *
260 _aMadrid :
_bEspasa-Calpe,
_c1935.
300 _a311 páginas
650 4 _aEducación
_9682
710 2 _aInstituto Nacional de Pedagogía (México)
_epropietario anterior
_928088
942 _2lcc
_cLIBRO
999 _c22972
_d22972